| 000 | 00929nam a2200169 a 4500 | ||
|---|---|---|---|
| 008 | 150508s1997 ||||||||||||||||| || u | ||
| 050 | _aGOV.ZAM(05)DPD/1997/106JJ | ||
| 110 | _aGovernment of the Republic of Zambia. National Assembly | ||
| 245 | 1 | 0 |
_aRepublic of Zambia. Daily parliamentary debates, official verbatim report of the debates of the first session of the eighth... (1997) _cBy the National Assembly |
| 260 |
_aLusaka: _bGovernment Printer _c1997 |
||
| 300 | _avarious pagings | ||
| 350 | _a0.00 | ||
| 500 | _aLIBRARY HOLDINGS:March 20th and 26th 1997 | ||
| 650 | _aDAILY PARLIAMENTARY DEBATES | ||
| 995 |
_aSPECIAL COLLECTIONS _e03005274 _FCBU-MAIN LIBRARY (Kitwe) _I0.00 _jGOV.ZAM(05)DPD/1997/106KK _M2 _UAVAILABLE _WMay 8, 2015 _y03005274 _ZZambiana Collection |
||
| 995 |
_aSPECIAL COLLECTIONS _e03005292 _FCBU-MAIN LIBRARY (Kitwe) _I0.00 _jGOV.ZAM(05)DPD/1997/106JJ _M1 _UAVAILABLE _WMay 8, 2015 _y03005292 _ZZambiana Collection |
||
| 999 |
_c80104 _d80104 |
||